<?xml version="1.0" encoding="UTF-8"?>
<record
    xmlns:xsi="http://www.w3.org/2001/XMLSchema-instance"
    xsi:schemaLocation="http://www.loc.gov/MARC21/slim http://www.loc.gov/standards/marcxml/schema/MARC21slim.xsd"
    xmlns="http://www.loc.gov/MARC21/slim">

  <leader>00870cam a2200229u  4500</leader>
  <controlfield tag="001">000010639</controlfield>
  <controlfield tag="005">20200929162249.0</controlfield>
  <controlfield tag="008">840920s1945    ag cf         000 0bspa  </controlfield>
  <datafield tag="010" ind1=" " ind2=" ">
    <subfield code="a">47027952</subfield>
  </datafield>
  <datafield tag="040" ind1=" " ind2=" ">
    <subfield code="a">DO-SdBNP</subfield>
    <subfield code="c">CarP</subfield>
    <subfield code="d">DLC</subfield>
  </datafield>
  <datafield tag="050" ind1="0" ind2="0">
    <subfield code="a">NB553.R7</subfield>
    <subfield code="b">F78</subfield>
  </datafield>
  <datafield tag="100" ind1="1" ind2=" ">
    <subfield code="a">Frisch, Victor,</subfield>
    <subfield code="d">1876?-1939. [from old catalog]</subfield>
    <subfield code="9">25742</subfield>
  </datafield>
  <datafield tag="240" ind1="0" ind2="0">
    <subfield code="a">Auguste Rodin, a biography. Spanish. [from old catalog]</subfield>
  </datafield>
  <datafield tag="245" ind1="0" ind2="3">
    <subfield code="a">La vida y el arte de Auguste Rodin,.</subfield>
  </datafield>
  <datafield tag="260" ind1=" " ind2=" ">
    <subfield code="a">Buenos Aires, :</subfield>
    <subfield code="b">Editorial Poseidon,</subfield>
    <subfield code="c">[1945].</subfield>
  </datafield>
  <datafield tag="300" ind1=" " ind2=" ">
    <subfield code="a">526 p. :</subfield>
    <subfield code="b">plates, ports. ;</subfield>
    <subfield code="c">24 cm.</subfield>
  </datafield>
  <datafield tag="600" ind1="1" ind2="0">
    <subfield code="a">Rodin, Auguste,</subfield>
    <subfield code="d">1840-1917.</subfield>
    <subfield code="9">25743</subfield>
  </datafield>
  <datafield tag="700" ind1="1" ind2=" ">
    <subfield code="a">Shipley, Joseph Twadell,</subfield>
    <subfield code="d">1893-</subfield>
    <subfield code="e">joint author.</subfield>
    <subfield code="9">25744</subfield>
  </datafield>
  <datafield tag="700" ind1="1" ind2=" ">
    <subfield code="a">Jordana, Cesar Augusto,</subfield>
    <subfield code="d">1893- [from old catalog]</subfield>
    <subfield code="e">tr.</subfield>
    <subfield code="9">25745</subfield>
  </datafield>
  <datafield tag="830" ind1=" " ind2="0">
    <subfield code="a">Coleccion Vidas y obras. [from old catalog]</subfield>
    <subfield code="9">25746</subfield>
  </datafield>
  <datafield tag="910" ind1=" " ind2=" ">
    <subfield code="a">Catalogaci&#xF3;n por copia / LC</subfield>
  </datafield>
  <datafield tag="952" ind1=" " ind2=" ">
    <subfield code="0">0</subfield>
    <subfield code="1">0</subfield>
    <subfield code="5">2</subfield>
    <subfield code="7">2</subfield>
    <subfield code="8">MO</subfield>
    <subfield code="a">GR</subfield>
    <subfield code="b">GR</subfield>
    <subfield code="c">BD</subfield>
    <subfield code="d">2009-10-08</subfield>
    <subfield code="i">LF1</subfield>
    <subfield code="l">0</subfield>
    <subfield code="o"> </subfield>
    <subfield code="p">10639-10</subfield>
    <subfield code="r">2020-06-25</subfield>
    <subfield code="w">2020-06-25</subfield>
    <subfield code="y">2</subfield>
    <subfield code="Z">Pr&#xE9;stamo interno</subfield>
  </datafield>
  <datafield tag="999" ind1=" " ind2=" ">
    <subfield code="c">10397</subfield>
    <subfield code="d">10397</subfield>
  </datafield>
</record>
